Statistics for A.M. - One Direction - All Lyrics

Click here to take the quiz!

General Stats

  • This quiz has been taken 12 times
  • The average score is 276 of 330

Answer Stats

Answer% Correct
a
100%
All
100%
all
100%
A.M.
100%
A.M.?
100%
I
100%
in
100%
my
100%
of
100%
our
100%
the
100%
Won't
100%
You
100%
you
100%
Always
91%
always
91%
asses
91%
conversations
91%
favourite
91%
made
91%
out
91%
stay
91%
talking
91%
'til
91%
we
91%
were
91%
We're
91%
we're
91%
and
82%
And
82%
be
82%
'cause
82%
'Cause
82%
could
82%
don't
82%
Don't
82%
for
82%
glasses
82%
gonna
82%
it,
82%
know
82%
know,
82%
Like
82%
like
82%
now
82%
Ooh,
82%
(Ooh)
82%
right
82%
to
82%
around
73%
Break
73%
but
73%
dreamin'
73%
Feels
73%
forever
73%
going
73%
Got
73%
how
73%
just
73%
loud
73%
make
73%
me
73%
never
73%
on
73%
'round
73%
say
73%
swimming
73%
that
73%
There
73%
these
73%
this
73%
time
73%
time?
73%
tonight
73%
wanna
73%
what
73%
yeah, yeah
73%
Yeah, yeah
73%
3
64%
about
64%
clocks,
64%
forget
64%
ground
64%
I'm
64%
kick
64%
learned
64%
outside
64%
part
64%
raised
64%
Remember
64%
same
64%
saying
64%
scars
64%
sleep
64%
town
64%
Tryin'
64%
used
64%
War
64%
wasting
64%
World
64%
your
64%
back
55%
behave
55%
coming
55%
face
55%
look
55%
place
55%

Score Distribution

Percentile by Number Answered

Percent of People with Each Score

Your Score History

You have not taken this quiz